Los días terrenales /
Gespeichert in:
| 1. Verfasser: | |
|---|---|
| Weitere Verfasser: | |
| Format: | Buch |
| Sprache: | Spanish |
| Veröffentlicht: |
Madrid:
ALLCA XX,
1996.
|
| Ausgabe: | 2. edición |
| Schriftenreihe: | Colección archivos;
15 |
| Schlagworte: | |
| Tags: |
Tag hinzufügen
Keine Tags, Fügen Sie den ersten Tag hinzu!
|
MARC
| LEADER | 00000nam a2200000 4500 | ||
|---|---|---|---|
| 001 | bimo0000647101 | ||
| 005 | 20150216011412.0 | ||
| 008 | 970715s1996 sp | ||| ||spa | ||
| 020 | |a 8489666148 | ||
| 040 | |a SpMaBN |b spa |c SpMaBN |d CRU CIICLA | ||
| 082 | |a M863.4 |b R454d2 | ||
| 100 | 1 | |a Revueltas, José |d 1914-1976 | |
| 245 | 1 | 4 | |a Los días terrenales / |c José Revueltas ; edición crítica, Evodio Escalante, coordinador |
| 250 | |a 2. edición | ||
| 260 | 1 | |a Madrid: |b ALLCA XX, |c 1996. | |
| 300 | |a xxxvii, 482 páginas: |b 1 retrato | ||
| 490 | 1 | |a Colección archivos; |v 15 | |
| 504 | |a Bibliografía: páginas 477-482 | ||
| 600 | 1 | 7 | |a REVUELTAS, JOSE |d 1914-1976 |t LOS DIAS TERRENALES |2 embne |
| 650 | 1 | 4 | |a LITERATURA MEXICANA |v NOVELA |
| 700 | 1 | |a Escalante, Evodio | |
| 942 | |2 ddc |c BK | ||
| 956 | |a 2 | ||
| 999 | |c 3899 |d 3899 | ||



